| 000 | 03112nam a2200313 4500 | ||
|---|---|---|---|
| 001 | 113488 | ||
| 003 | DR-UNIBE | ||
| 005 | 20260213153341.0 | ||
| 008 | 250424b2001 dr ||||| |||| 00| 0 spa d | ||
| 020 | _a9993481653 (volumen 1) | ||
| 020 | _a9993481661 (volumen 2) | ||
| 040 |
_aBIBLIOTECA UNIBE _bspa _cBIBLIOTECA UNIBE |
||
| 041 | _aspa | ||
| 082 |
_222 _aRD 347.7293016 P965L |
||
| 245 | 0 | 0 | _aProntuario de legislación de la competencia de los juzgados de paz |
| 250 | _aPrimera edición | ||
| 260 |
_aSanto Domingo : _bEscuela Nacional de la Judicatura, _c2001 |
||
| 300 |
_a2 volúmenes ; _c28 cm |
||
| 490 |
_aBiblioteca básica del juez de paz ; _v3 |
||
| 505 | 0 | _aVolumen 1 | A manera de introducción | Competencia general de los tribunales | PRIMERA PARTE | 1.1 Disposiciones de orden organizacional | 1.1.1. Artículos 76 y 77 de la Constitución de la República Dominicana | 1.1.2. Normativas de organización | 1.1.3. Ley de carrera judicial de la República Dominicana | 1.1.4. Reglamento de la carrera judicial | 1.1.5. Leyes que crean juzgados de paz y determinan límites de circunscripciones | 1.1.6. Normativas relativas al cobro de impuestos | 1.1.7. Resolución No. 246-2001 de la Suprema Corte de Justicia con relación al cobro de honorarios por los jueces de paz | 1.1.8. Ley 302, de 1964, sobre honorarios de abogados | 1.1.9. Ley 091, de 1983, que crea el colegio de abogados | 1.1.10. Resolución de la Suprema Corte de Justicia, ratificando que la designación de juez suplente entrega la investidura de notario público | SEGUNDA PARTE. NORMATIVAS DE CARÁCTER PENAL EXCLUSIVA | Sección I | 2.1 Providencias de procedimiento | Sección II | 2.2 Providencias de carácter urbano | Sección III | 2.3 Providencias de carácter rural | Sección IV. | 2.4 Providencias de carácter mixto | TERCERA PARTE. NORMATIVAS DE CARÁCTER GENERAL | Sección I. | 3.1 Disposiciones relativas a infracciones laborales | 3.2 Disposiciones relativas a accidentes de trabajo | |
| 505 | 0 | _aVolumen 2 | CUARTA PARTE. NORMATIVAS QUE ATRIBUYEN COMPETENCIA PENAL NO EXCLUSIVA | Sección I | 4.1 Disposiciones de carácter particular | Sección II | 4.2 Disposiciones relativas a niños, niñas y adolescentes | 4.3 Disposiciones relativas a alquileres y propiedad de pisos o apartamentos | QUINTA PARTE. NORMATIVAS QUE ATRIBUYEN COMPETENCIA CIVIL Y COMERCIAL | Sección I | 5.1 Disposiciones relativas a actividades civiles y comerciales | Sección II | 5.2 Disposiciones de carácter administrativo | SEXTA PARTE | 6.1 Diversas normativas que otorgan competencia a los juzgados de paz municipales | |
| 650 | 7 |
_2lemb _aJueces de paz _xLegislación _zRepública Dominicana _9202411 |
|
| 650 | 4 |
_2lemb _aJuzgados de paz _xLegislación _zRepública Dominicana _9202412 |
|
| 650 | 4 |
_aJuzgados de paz _xOrganización _9202413 |
|
| 650 | 7 |
_aAdministración de justicia _2lemb _zRepública Dominicana _98552 |
|
| 700 |
_aSubero Isa, Jorge A., _d1947- _eprologuista _915642 |
||
| 700 | 1 |
_aCastellanos Estrella, Víctor José _ecompilador _929257 |
|
| 942 |
_2ddc _cBK |
||
| 999 |
_c113488 _d113488 |
||